Statistics for Counties of New England with a Map

Click here to take the quiz!

General Stats

  • This quiz has been taken 479 times
  • The average score is 36 of 67

Answer Stats

State County % Correct
CTHartford
83%
RIProvidence
83%
MEWashington
81%
MAEssex
79%
MANantucket
74%
MAWorcester
73%
CTNew Haven
71%
MAPlymouth
68%
MASuffolk
67%
MAHampshire
67%
MANorfolk
65%
CTNew London
65%
MABerkshire
65%
CTMiddlesex
65%
MEFranklin
65%
MABarnstable
63%
MABristol
60%
RINewport
60%
MEYork
58%
MELincoln
58%
RIKent
57%
CTFairfield
57%
MEAroostook
56%
MADukes
51%
MEOxford
51%
CTWindham
49%
NHCoos
49%
MAHampden
49%
VTRutland
49%
CTLitchfield
47%
MEPenobscot
47%
NHRockingham
46%
VTBennington
46%
MESomerset
46%
VTGrand Isle
44%
VTWindsor
44%
NHCheshire
44%
MECumberland
44%
VTChittenden
43%
NHBelknap
43%
CTTolland
43%
MEAndroscoggin
42%
NHGrafton
42%
MEHancock
42%
NHCarroll
42%
MEKennebec
42%
NHMerrimack
42%
VTOrleans
40%
MEPiscataquis
40%
NHHillsborough
40%
VTAddison
40%
VTOrange
39%
NHStrafford
38%
NHSullivan
38%
MEWaldo
38%
VTLamoille
38%
MEKnox
38%
VTCaledonia
37%
MESagadahoc
36%

Score Distribution

Percentile by Number Answered

Percent of People with Each Score

Your Score History

You have not taken this quiz